00534nam a2200157 i 4500001000700000003000900007007000300016008004100019100003000060245013000090260004700220300002000267650003900287710003000326852002000356149782ES-MaACLt|071024s1955 sp ||||1| spa d1 aVázquez Seijas, Manuel.10aFortalezas de Lugo y su provincia b: (notas arqueológicas, históricas y genealógicas) / cpor Manuel Vázquez Seijas. aLugo : bMuseo Provincial de Lugo, c1955. a1 v. ; c22 cm.14aFortificaciones-zLugo (Provincia)2 aMuseo Provincial de Lugo. aES-MaACLjP-895